ARRUPE JESUIT UNIVERSITY

CORONAVIRUS -STOP THE SPREAD - CLEAN,DISINFECT,COVER

The system of ethics : (Record no. 125956)

MARC details
000 -LEADER
fixed length control field 01388cam a22003734a 4500
001 - CONTROL NUMBER
control field 14328258
003 - CONTROL NUMBER IDENTIFIER
control field ARRUPE
005 - DATE AND TIME OF LATEST TRANSACTION
control field 20170111155243.0
008 - FIXED-LENGTH DATA ELEMENTS--GENERAL INFORMATION
fixed length control field 060404s2005 enk b 001 0 eng
010 ## - LIBRARY OF CONGRESS CONTROL NUMBER
LC control number 2006296093
015 ## - NATIONAL BIBLIOGRAPHY NUMBER
National bibliography number GBA579460
Source bnb
016 7# - NATIONAL BIBLIOGRAPHIC AGENCY CONTROL NUMBER
Record control number 013296585
Source Uk
020 ## - INTERNATIONAL STANDARD BOOK NUMBER
International Standard Book Number 0521571405 (hbk.)
020 ## - INTERNATIONAL STANDARD BOOK NUMBER
International Standard Book Number 0521577675 (pbk.)
024 3# - OTHER STANDARD IDENTIFIER
Standard number or code 9780521571401 (hbk.)
024 3# - OTHER STANDARD IDENTIFIER
Standard number or code 9780521577670 (pbk.)
035 ## - SYSTEM CONTROL NUMBER
System control number (OCoLC)ocm61702400
040 ## - CATALOGING SOURCE
Original cataloging agency UKM
Transcribing agency UKM
Modifying agency BAKER
-- BWKUK
-- DLC
041 1# - LANGUAGE CODE
Language code of text/sound track or separate title eng
Language code of original and/or intermediate translations of text ger
042 ## - AUTHENTICATION CODE
Authentication code lccopycat
050 00 - LIBRARY OF CONGRESS CALL NUMBER
Classification number B2838.A313 2005
300 ## - PHYSICAL DESCRIPTION
Dimensions 24 cm.
100 1# - MAIN ENTRY--PERSONAL NAME
Personal name Fichte, Johann Gottlieb,
Dates associated with a name 1762-1814.
9 (RLIN) 3964
245 14 - TITLE STATEMENT
Title The system of ethics :
Remainder of title according to the principles of the Wissenschaftslehre /
Statement of responsibility, etc Johann Gottlieb Fichte ; translated and edited by Daniel Breazeale and Günter Zöller.
260 ## - PUBLICATION, DISTRIBUTION, ETC. (IMPRINT)
Place of publication, distribution, etc Cambridge,
Name of publisher, distributor, etc Cambridge University Press;
Date of publication, distribution, etc 2005.
300 ## - PHYSICAL DESCRIPTION
Extent xliv, 399 p.;
440 #0 - SERIES STATEMENT/ADDED ENTRY--TITLE
Title Cambridge texts in the history of philosophy
9 (RLIN) 3965
504 ## - BIBLIOGRAPHY, ETC. NOTE
Bibliography, etc Includes bibliographical references and index.
650 #0 - SUBJECT ADDED ENTRY--TOPICAL TERM
Topical term or geographic name as entry element Ethics
Form subdivision Early works to 1800.
9 (RLIN) 25579
700 1# - ADDED ENTRY--PERSONAL NAME
Personal name Breazeale, Daniel.
Relator term ed.
9 (RLIN) 18778
700 1# - ADDED ENTRY--PERSONAL NAME
Personal name Zöller, Günter,
Dates associated with a name 1954-
Relator term ed.
9 (RLIN) 6399
906 ## - LOCAL DATA ELEMENT F, LDF (RLIN)
a 7
b cbc
c copycat
d 2
e ncip
f 20
g y-gencatlg
942 ## - ADDED ENTRY ELEMENTS (KOHA)
Source of classification or shelving scheme Library of Congress Classification
Koha item type Monograph ( Printed materials)
Holdings
Withdrawn status Lost status Source of classification or shelving scheme Damaged status Not for loan Collection code Home library Current library Shelving location Date acquired Total Checkouts Full call number Barcode Date last seen Price effective from Koha item type
    Library of Congress Classification     Main Collection ARRUPE LIBRARY ARRUPE LIBRARY Main Collection 11/01/2017   B2838.A313 2005 46500022583 11/01/2017 11/01/2017 Monograph ( Printed materials)

 

Arrupe Library. PO Box MP320 Mt Pleasant, Harare, Zimbabwe
263 242 745411|librarian@aju.ac.zw